تجديد الفكر المصرى عند قاسم أمين/ (Record no. 12573)
[ view plain ]
| 000 -LEADER | |
|---|---|
| fixed length control field | 00605nam a22001577a 4500 |
| 008 - FIXED-LENGTH DATA ELEMENTS--GENERAL INFORMATION | |
| fixed length control field | 090812t xxu||||| |||| 00| 0 eng d |
| 040 ## - CATALOGING SOURCE | |
| Original cataloging agency | EG-ScBUE |
| Transcribing agency | EG-ScBUE |
| 082 ## - DEWEY DECIMAL CLASSIFICATION NUMBER | |
| Classification number | 303.4840962 |
| Item number | ق ر ن |
| Edition number | 22 |
| 245 ## - TITLE STATEMENT | |
| Title | تجديد الفكر المصرى عند قاسم أمين/ |
| Statement of responsibility, etc | عزت قرنى |
| 260 ## - PUBLICATION, DISTRIBUTION, ETC. (IMPRINT) | |
| Place of publication, distribution, etc | القاهرة: |
| Name of publisher, distributor, etc | الهيئة العامة لقصور الثقافة، |
| Date of publication, distribution, etc | 1999 |
| 300 ## - PHYSICAL DESCRIPTION | |
| Extent | ؛322 ص |
| Dimensions | 20 سم |
| 490 ## - Series Statement | |
| Series statement | مطبوعات الهيئة العامة لقصور الثقافة |
| Volume/sequential designation | ؛ 47 |
| 650 ## - SUBJECT ADDED ENTRY--TOPICAL TERM | |
| 9 (RLIN) | 8438 |
| Topical term or geographic name as entry element | المصلحون المصريون |
| Source of heading or term | BUEsh |
| 651 ## - SUBJECT ADDED ENTRY--GEOGRAPHIC NAME | |
| Source of heading or term | BUEsh |
| 942 ## - ADDED ENTRY ELEMENTS (KOHA) | |
| Source of classification or shelving scheme | Dewey Decimal Classification |
| Item type | Book - Borrowing |
| Withdrawn status | Item status | Source of classification or shelving scheme | Damaged status | Not for loan | Vendor | Home library | Current library | Shelving location | Date acquired | Source of acquisition | Full call number | Barcode | Date last seen | Koha item type |
|---|---|---|---|---|---|---|---|---|---|---|---|---|---|---|
| Dewey Decimal Classification | Alef-Baa | Central Library | Central Library | Second Floor | 12/08/2009 | Purchase | 303.4840962 ق ر ن | 000017650 | 15/07/2025 | Book - Borrowing | ||||
| Dewey Decimal Classification | Alef-Baa | Central Library | Central Library | Second Floor | 09/09/2009 | Purchase | 303.4840962 ق ر ن | 000018279 | 15/07/2025 | Book - Borrowing |